Statistiques concernant Complétez les paroles de Daniel Balavoine

Cliquez ici pour prendre le quiz!

Statistiques générales

  • Ce quiz a été pris 439 fois
  • Le résultat moyen est 6 sur 12

Statistiques - réponses

HintRéponse% Correct
Fallait pas qu'elle s'en aille, oh j'vais tout casser si vous touchez __ _____ __ ___ __________au fruit de mes entrailles
90%
J'suis chanteur, je chante pour mes copains, j'veux faire des tubes et ___ __ ______ ____que ça tourne bien
86%
J'ai jamais eu les pieds sur terre, j'aimerais mieux être un oiseau, j'suis ___ ____ __ ____mal dans ma peau
85%
Quand on arrive en ville tout l'monde change de trottoir, on a pas l'air virils mais __ ____ ____ _ ____on fait peur à voir
73%
Et je cours, je me raccroche à la vie, je me saoule avec le bruit ___ _____ ___ _ _________des corps qui m'entourent
60%
L'Aziza, ton étoile jaune c'est ta peau, tu n'as pas le choix, ne la porte pas _____ __ _____ __ _______comme on porte un fardeau
45%
De quel côté se trouvent les bons ou les méchants, leurs évangiles ont fait de moi __ ___ _______un non croyant
33%
Chaque jour me pousse un peu plus vers la fin, quand je monte sur scène comme __ _____ __ _______ _____on prend le dernier train
30%
Pouvoir parler à un ange en douceur, lui montrer la blessure étrange, __ _______la douleur
25%
Et pourtant il veut vivre ou survivre, sans poème, sans _______ ____ ____ ___ _ ______blesser tous ceux qui l'aiment
16%
Toi qui sais ce qu'est un rempart, tu avances sous les regards courroucés, tu écris mais sur le buvard tous ___ ____ __ ____ ________les mots se sont inversés
12%
La muraille penche et se tord pour faire __ ____ ___ ________un toit aux amoureux
6%

Distribution des résultats

Percentile par nombre de réponses

% des personnes avec chaque résultat

Votre développement - résultats

Vous n’avez pas pris ce quiz